000
00313nam a2200121Ia 4500
005
20251222154401.0
008
251222s9999||||xx |||||||||||||| ||spa||
020
_a
84-320-4712-0
082
_a
591.59/D95
100
_a
"Droscher, Vitus B."
245
0
_a
La gran lección del reino animal: Sobrevivir
942
_c
LIB
999
_c
35307
_d
35307